000 00724nam a2200181 i 4500
001 167063
003 ES-MaACL
005 20230906213443.0
008 150409s1826 sp |||| | spa d
100 1 _aRomanelli, Luigi.
_9156675
245 1 0 _aElisa y Claudio :
_bo sea El amor protegido por la amistad : opera semi-seria en dos actos, que se ha de representar en el teatro de la Cruz de esta Corte.
260 _aMadrid :
_b[s.n.],
_c1826 (
_fImp. de Sancha)
300 _a99 p. ;
_c15 cm.
500 _aSólo la letra.
546 _aTexto en italiano y español.
594 _aEncabezamiento tomado de Carmena: crónica de la ópera italiana.
852 4 _aES-MaACL
_jT-737-F-1
_z- Firma manuscrita de Pedro de Longa
999 _c167063
_d167063